| 000 | 00572nam a22002297a 4500 | ||
|---|---|---|---|
| 003 | UA-OsUOA | ||
| 001 | 99874 | ||
| 007 | ta | ||
| 008 | 20130520b un ||||| |||| 00| 0 ukr d | ||
| 100 | _aФавье Ж. | ||
| 090 |
_a821.133.1 _bФ13 |
||
| 942 | _cBK | ||
| 040 |
_aUA-OsUOA _brus _cUA-OsUOA _dUA-OsUOA |
||
| 245 | _aФрансуа Вийон | ||
| 300 | _a479 с. | ||
| 955 | _a3 | ||
| 041 | _arus | ||
| 080 | _a821.133.1 | ||
| 260 |
_aМ. _bРадуга _c1991 |
||
| 650 | 7 |
_a82 Література. Літературознавство _2UDC |
|
| 999 |
_c386113 _d386113 |
||